Classroom assessment techniques: a handbook for college teachers

Na minha lista:
Detalhes bibliográficos
Main Authors: Angelo, Thomas A (Author), Cross, K. Patricia (Author)
Formato: Livro
Idioma:inglês
Publicado em: San Francisco John Wiley and Sons 1993
Edição:2a. ed
Colecção:The Jossey-Bass Higher and Adult Education
Assuntos:
Tags: Adicionar Tag
Sem tags, seja o primeiro a adicionar uma tag!

MARC

LEADER 00000cam a2200000 a 4500
001 UCG8176
003 CL-VaPUC
008 111124e19930000US |||||||||||||||||eng|d
020 |a 1555425003 
082 0 4 |a 378.125  |b ANG  |2 21 
100 0 |a Angelo, Thomas A  |e author  |9 559084 
700 0 |a Cross, K. Patricia  |e author  |9 559085 
245 1 0 |a Classroom assessment techniques: a handbook for college teachers 
250 |a 2a. ed 
300 |a 427 p 
942 |c BK 
945 |d 20111124 00:00:00  |a dcastane 
260 |a San Francisco  |b John Wiley and Sons  |c 1993 
650 0 |a Evaluación de la educación   |9 237505 
650 0 |a Evaluación docente  |9 382859 
650 0 |a Métodos de evaluación  |9 311717 
583 |a last modification  |c 20111124 10:35:00  |k Rodrigo Vera 
490 0 |a The Jossey-Bass Higher and Adult Education 
999 |c 345805  |d 345803